000 00598nam a2200241Ia 4500
003 OSt
005 20220924143541.0
006 a|||||r|||| 00| 0
007 ta
008 220923b |||||||| |||| 00| 0 urd d
020 _c10.50
024 _a308907
037 _cTextual
040 _aARTS
_cARTS
_burd
041 _2urd
_aurd
082 _aO111,3MWH,3, 168K3
100 _aWhitle Delnes
_9216242
245 0 _aHamzaad
260 _c1968
650 _aENGLISH LITERATURE
942 _hO111,3MWH,3, 168K3
_cTEXL
_2CC
999 _c454949
_d454949